<?xml version="1.0" encoding="UTF-8"?>
<record
    xmlns:xsi="http://www.w3.org/2001/XMLSchema-instance"
    xsi:schemaLocation="http://www.loc.gov/MARC21/slim http://www.loc.gov/standards/marcxml/schema/MARC21slim.xsd"
    xmlns="http://www.loc.gov/MARC21/slim">

  <leader>01187nam0a22003371  4500</leader>
  <controlfield tag="001">RU\NLR\ONIZ\222878</controlfield>
  <controlfield tag="005">20250626094700.0</controlfield>
  <datafield tag="035" ind1=" " ind2=" ">
    <subfield code="a">RU\NLR\ONIZ\SOPHY\5000004564\20171227153620</subfield>
  </datafield>
  <datafield tag="035" ind1=" " ind2=" ">
    <subfield code="a">(NLR Aleph) 011590800</subfield>
  </datafield>
  <datafield tag="090" ind1=" " ind2=" ">
    <subfield code="a">10837022</subfield>
    <subfield code="c">10837022</subfield>
  </datafield>
  <datafield tag="100" ind1=" " ind2=" ">
    <subfield code="a">20171227d1926    |||y0rusy50      ca</subfield>
  </datafield>
  <datafield tag="101" ind1="0" ind2=" ">
    <subfield code="a">rus</subfield>
  </datafield>
  <datafield tag="102" ind1=" " ind2=" ">
    <subfield code="a">RU</subfield>
  </datafield>
  <datafield tag="105" ind1=" " ind2=" ">
    <subfield code="a">y   ||||000|y</subfield>
  </datafield>
  <datafield tag="200" ind1="1" ind2=" ">
    <subfield code="a">&#x41C;&#x443;&#x437;&#x44B;&#x43A;&#x430; &#x43F;&#x43E;&#x441;&#x43B;&#x435; &#x41E;&#x43A;&#x442;&#x44F;&#x431;&#x440;&#x44F;</subfield>
    <subfield code="f">&#x41B;. &#x421;&#x430;&#x431;&#x430;&#x43D;&#x435;&#x435;&#x432;</subfield>
  </datafield>
  <datafield tag="210" ind1=" " ind2=" ">
    <subfield code="a">&#x41C;&#x43E;&#x441;&#x43A;&#x432;&#x430;</subfield>
    <subfield code="c">&#x420;&#x430;&#x431;&#x43E;&#x442;&#x43D;&#x438;&#x43A; &#x43F;&#x440;&#x43E;&#x441;&#x432;&#x435;&#x449;&#x435;&#x43D;&#x438;&#x44F;</subfield>
    <subfield code="d">1926</subfield>
  </datafield>
  <datafield tag="215" ind1=" " ind2=" ">
    <subfield code="a">165, [1] &#x441;.</subfield>
    <subfield code="d">21 &#x441;&#x43C;</subfield>
  </datafield>
  <datafield tag="606" ind1="1" ind2=" ">
    <subfield code="a">&#x418;&#x441;&#x442;&#x43E;&#x440;&#x438;&#x44F; &#x43C;&#x443;&#x437;&#x44B;&#x43A;&#x438;</subfield>
    <subfield code="y">&#x420;&#x43E;&#x441;&#x441;&#x438;&#x44F;</subfield>
    <subfield code="z">20 &#x432;.</subfield>
    <subfield code="2">nlr_sh</subfield>
  </datafield>
  <datafield tag="606" ind1="1" ind2=" ">
    <subfield code="a">&#x418;&#x441;&#x442;&#x43E;&#x440;&#x438;&#x44F; &#x43C;&#x443;&#x437;&#x44B;&#x43A;&#x438;</subfield>
    <subfield code="y">&#x421;&#x421;&#x421;&#x420;</subfield>
    <subfield code="2">nlr_sh</subfield>
  </datafield>
  <datafield tag="686" ind1=" " ind2=" ">
    <subfield code="a">&#x429;31&#x433;</subfield>
    <subfield code="v">LBC/SL</subfield>
    <subfield code="2">rubbk</subfield>
  </datafield>
  <datafield tag="686" ind1=" " ind2=" ">
    <subfield code="a">&#x429;313(2)71</subfield>
    <subfield code="v">LBC/SL</subfield>
    <subfield code="2">rubbk</subfield>
  </datafield>
  <datafield tag="700" ind1=" " ind2="1">
    <subfield code="9">z03790</subfield>
    <subfield code="a">&#x421;&#x430;&#x431;&#x430;&#x43D;&#x435;&#x435;&#x432;</subfield>
    <subfield code="b">&#x41B;. &#x41B;.</subfield>
    <subfield code="f">1881-1968</subfield>
    <subfield code="g">&#x41B;&#x435;&#x43E;&#x43D;&#x438;&#x434; &#x41B;&#x435;&#x43E;&#x43D;&#x438;&#x434;&#x43E;&#x432;&#x438;&#x447;</subfield>
    <subfield code="4">070</subfield>
    <subfield code="7">ca</subfield>
  </datafield>
  <datafield tag="790" ind1=" " ind2="1">
    <subfield code="9">z03700</subfield>
    <subfield code="a">Sabaneev</subfield>
    <subfield code="b">L. L.</subfield>
    <subfield code="f">1881-1968</subfield>
    <subfield code="g">Leonid Leonidovi&#x10D;</subfield>
    <subfield code="4">070</subfield>
    <subfield code="7">ba</subfield>
  </datafield>
  <datafield tag="801" ind1=" " ind2="0">
    <subfield code="a">RU</subfield>
    <subfield code="b">NLR</subfield>
    <subfield code="c">20171227</subfield>
    <subfield code="g">PSBO</subfield>
  </datafield>
  <datafield tag="801" ind1=" " ind2="1">
    <subfield code="a">RU</subfield>
    <subfield code="b">NLR</subfield>
    <subfield code="c">20171227</subfield>
    <subfield code="2">rusmarc</subfield>
  </datafield>
  <datafield tag="801" ind1=" " ind2="2">
    <subfield code="a">RU</subfield>
    <subfield code="b">NLR</subfield>
    <subfield code="c">20180205</subfield>
  </datafield>
  <datafield tag="852" ind1=" " ind2=" ">
    <subfield code="a">NLR</subfield>
    <subfield code="b">&#x41C;&#x441;</subfield>
    <subfield code="j">52/&#x421;.120</subfield>
    <subfield code="p">&#x410;&#x44D; 11421</subfield>
    <subfield code="t">1</subfield>
  </datafield>
  <datafield tag="942" ind1=" " ind2=" ">
    <subfield code="c">BOOK</subfield>
  </datafield>
  <datafield tag="980" ind1=" " ind2=" ">
    <subfield code="a">NB</subfield>
  </datafield>
  <datafield tag="980" ind1=" " ind2=" ">
    <subfield code="a">ONIZ</subfield>
  </datafield>
  <datafield tag="995" ind1=" " ind2=" ">
    <subfield code="5">2017-12-27</subfield>
    <subfield code="b">NLR01</subfield>
    <subfield code="c">NLR01</subfield>
    <subfield code="e">ONIZ</subfield>
    <subfield code="k">52/&#x421;.120 52/&#x421;.120</subfield>
    <subfield code="o">0</subfield>
    <subfield code="r">BOOK</subfield>
    <subfield code="s">52120_52120</subfield>
  </datafield>
</record>
